Statistics for Fast Typing A1 to Z26

Click here to take the quiz!

General Stats

  • This quiz has been taken 102 times
  • The average score is 15 of 26

Answer Stats

ANSWER % Correct
A1
100%
B2
97%
C3
93%
D4
92%
E5
89%
F6
89%
I9
88%
G7
88%
H8
88%
J10
81%
K11
75%
L12
73%
N14
67%
M13
67%
O15
64%
P16
59%
Q17
47%
R18
38%
S19
29%
T20
23%
U21
22%
V22
18%
W23
16%
X24
14%
Y25
14%
Z26
8%

Score Distribution

Percentile by Number Answered

Percent of People with Each Score

Your Score History

You have not taken this quiz